| 000 | 01080nam a2200325 i 4500 | ||
|---|---|---|---|
| 003 | EG-GICUC | ||
| 005 | 20260121101235.0 | ||
| 008 | 251117s1982 -us ||f |||| 001 0 eng d | ||
| 020 | _a0465017878 | ||
| 040 |
_aEG-GiCUC _beng _cEG-GiCUC _dEG-GiCUC _erda |
||
| 041 | 0 | _aeng | |
| 082 | 0 | 4 |
_221 _a338.9 _bLI . E |
| 092 | 0 | 4 | _221 |
| 099 | _aLaw1 13 338.9 LI . E 1982 | ||
| 100 | 1 |
_aLittle , Ian M. D _eAuthor. |
|
| 245 | 1 | 0 |
_aEconomic Development : _bTheory, Policy, And International Relations / _cIan M. D. Little. |
| 264 | 1 |
_aNew York : _bBasic Books, Inc., Publishers, _c1982. |
|
| 300 |
_a452 pages ; _c24 cm. |
||
| 336 |
_2rda content _atext |
||
| 337 |
_2rda media _aComputer |
||
| 338 |
_2rda carrier _aOnline Resource |
||
| 500 | _aA Twentieth Century Fund Book | ||
| 504 | _aIncludes bibliographical references and index. | ||
| 504 | _aBibliography: pages 425-439. | ||
| 546 | _aText in English | ||
| 650 | 1 | _aPublic finance and tax legislation | |
| 856 | 4 | 0 | _uhttps://fll.law.cu.edu.eg/fulltext/bks/B13-07626.pdf |
| 905 | _a48 | ||
| 942 |
_2ddc _cBK _e21 _n0 |
||
| 999 |
_c43948 _d43948 |
||